Score 0/50 Timer 10:00
1 Play Today
Number of Lines Character % Correct
6082Harry Potter
99.9%
2903Ron Weasley
99.3%
2857Hermione Granger
99.1%
1348Albus Dumbledore
98.8%
607Severus Snape
97.8%
416Fred Weasley
97.7%
290George Weasley
97.4%
448Minerva McGonagall
97.3%
880Rubeus Hagrid
97.3%
416Voldemort
96%
450Remus Lupin
95.9%
432Molly Weasley
95.7%
251Ginny Weasley
95.6%
328Draco Malfoy
95.5%
343Sirius Black
95.2%
356Arthur Weasley
94.2%
99Lucius Malfoy
93.8%
190Barty Crouch Jr.
93.6%
194Neville Longbottom
92.6%
289Dolores Umbridge
91.6%
98Alastor 'Mad-Eye' Moody
91.5%
148Luna Lovegood
90%
123Percy Weasley
89.4%
64Aberforth Dumbledore
89.2%
134Dobby
88.9%
Number of Lines Character % Correct
66Bill Weasley
87.6%
115Bellatrix Lestrange
87.5%
76Dudley Dursley
86.4%
241Cornelius Fudge
86.2%
272Vernon Dursley
85.6%
117Gilderoy Lockhart
85.5%
105Petunia Dursley
85.2%
56Seamus Finnigan
84%
109Nymphadora Tonks
81%
56Fleur Delacour
80.3%
201Horace Slughorn
79.9%
64Barty Crouch
79.6%
63Peter Pettigrew
78.7%
87Cho Chang
77.5%
66Kreacher
76.9%
64Lily Potter
74.8%
92Oliver Wood
72.1%
127Sybill Trelawney
69.8%
69Argus Filch
64.7%
86Rufus Scrimgeour
64.2%
73Nicholas de Mimsy-Porpington
63.8%
70Griphook
60.5%
119Ludo Bagman
60.4%
75Lee Jordan
57.5%
69Garrick Ollivander
57.5%
Remove Ads.
Support Sporcle.
Get the best of Sporcle when you Go Orange. This ad-free experience offers more features, more stats, and more fun while also helping to support Sporcle. Thank you for becoming a member.

You're not logged in!

Compare scores with friends on all Sporcle quizzes.
OR
Log In

Show Comments

Extras

Top Quizzes Today


Score Distribution

Your Account Isn't Verified!

In order to create a playlist on Sporcle, you need to verify the email address you used during registration. Go to your Sporcle Settings to finish the process.

Report this User

Report this user for behavior that violates our Community Guidelines.

Details: